40 personnages de Dragon Ball (Z, Super, GT...) en images - Statistiques

Statistiques générales
  • Ce quiz a été pris 206 fois
  • Le résultat moyen est 31 sur 40
Statistiques - réponses
Par images Réponse % Correct
Cell
99%
Broly
97%
Piccolo
95%
Bulma
94%
Végéta
93%
Chichi
91%
Freezer
91%
Krilin
91%
Videl
91%
Beerus
89%
C16
89%
C18
89%
Nappa
87%
Black Goku
86%
Shenron
86%
Son Gohan
86%
Gotenks
85%
Son Goku
85%
Son Goten
85%
Yamcha
84%
Kaio
83%
Hit
80%
Dabra
79%
Dendé
79%
Mr Satan
78%
Tao Paï Paï
76%
Chaozu
75%
Cooler
75%
Oolong
72%
Baby
64%
Kale
64%
Super C17
64%
Mr Popo
63%
Karin
62%
Caullifla
59%
Kame Sennin
54%
Bojack
52%
Kibito
45%
Porunga
45%
Gomah
21%
Aucun quiz correspondant
Distribution des résultats
% des personnes avec chaque résultat
Percentile par nombre de réponses
Votre historique - résultats
Vous n’avez pas pris ce quiz